000 00397nam a2200181Ia 4500
005 20240823054221.0
008 240823s9999||||xx |||||||||||||| ||und||
041 _aENGLISH
082 _A808.84 N3
100 _aOrient
245 0 _aModern Essays
250 _a7th
260 _c1993
_b"Orient,Hydrabad"
500 _aTransfered
650 _aENG
_bEnglish
942 _cBK
999 _c225944
_d225944